| 000 | 00638nam a2200169 i 4500 | ||
|---|---|---|---|
| 001 | 182900 | ||
| 003 | ES-MaACL | ||
| 005 | 20230906221737.0 | ||
| 008 | 131205s1872 sp |||| | spa d | ||
| 110 | 2 |
_aInstituto Geográfico y Estadístico (España) _93892 |
|
| 245 | 1 | 0 |
_aTrabajos topográficos, provincia de Córdoba _b: comparación de las superficies dadas por el amillaramiento de los planos, año 1872. |
| 260 |
_aMadrid : _b[Instituto Geográfico?, _c1872?] |
||
| 300 |
_a68 h. de est., ; _c33 cm. |
||
| 500 | _aPrecede al tít.: Instituto Geográfico. | ||
| 650 | 4 |
_aCatastro- _zCórdoba. _9153929 |
|
| 852 |
_aES-MaACL _jG-1950 |
||
| 999 |
_c182900 _d182900 |
||